000 00677nam a2200289Ia 4500
005 20260324145203.0
008 008 260324s9999 xx 000 0 eng d
020 _a9781003331278
037 _aEBOOK
040 _aCRL
040 _beng
040 _cCRL
041 _2eng
041 _aeng
084 _qCRL
100 _aAudrey Cantlie
_91222064
245 4 _aThe Assamese
245 0 _bReligion, Caste and Sect in an Indian Village
260 _bTaylor and Francis
260 _c1984
365 _a
365 _b180
856 _uhttp://www.taylorfrancis.com/books/9781003331278
942 _cEBOOK
999 _c1829630
_d1829630